|
|
|
|
| LEADER |
00755cam a2200205 7i4500 |
| 001 |
0000041278 |
| 005 |
20121019090000.0 |
| 020 |
|
|
|a 9789834418359 (hbk.)
|
| 090 |
0 |
0 |
|a BP173.4
|b .J86 2010
|
| 100 |
1 |
|
|a Jumu'ah, Ahmad Khalil
|
| 245 |
1 |
0 |
|a Peranan wanita pada zaman Rasulullah
|c Ahmad Khalil Jumuah, Abu Azka Al Madani ; diterjemah oleh, Johari Yaman ; editor, Tarmizi Muhammad, Ustaz Ahmad.
|
| 260 |
|
|
|a Rawang, Selangor:
|b Nadi Minda Resources,
|c 2010.
|
| 300 |
|
|
|a xvi, 478 p.;
|c 23 cm.
|
| 600 |
0 |
0 |
|a Muhammad,
|c Prophet
|
| 650 |
0 |
0 |
|a Women in Islam
|
| 700 |
0 |
|
|a Johari Yaman
|
| 700 |
0 |
|
|a Tarmizi Muhammad
|
| 700 |
0 |
|
|a Ahmad
|
| 999 |
|
|
|a 0000054833
|b BOK
|c OPEN SHELF
|e 1st Floor, Bestari Jaya
|
| 999 |
|
|
|a 0000054834
|b BOK
|c OPEN SHELF
|e 1st Floor, Shah Alam
|